[Event "World Junior Chess Championship U18 g"]
[Site "Gaziantep"]
[Date "2008.08.11"]
[Round "9.25"]
[White "Tjolsen, Katrine"]
[Black "Bayrak, Asli"]
[Result "1/2-1/2"]
[WhiteElo "2121"]
[BlackElo "2013"]
[PlyCount "126"]
[EventDate "2008.08.??"]
[EventType "swiss"]
[EventRounds "13"]
[EventCountry "TUR"]

1. Nf3 d5 2. d4 Nf6 3. c4 c6 4. Nc3 dxc4 5. a4 Bf5 6. e3 e6 7. a5 Na6 8. Bxc4
Nb4 9. O-O Be7 10. Qe2 O-O 11. Ne5 h6 12. Rd1 b5 13. Bb3 a6 14. e4 Bh7 15. Ng4
Nd7 16. Qf3 Bg5 17. Qg3 Bh4 18. Qh3 Kh8 19. Ne5 Bf6 20. Ng4 Be7 21. Ne5 Nxe5
22. dxe5 Qc7 23. Bf4 c5 24. Rac1 Rad8 25. Qh5 Rxd1+ 26. Rxd1 c4 27. Ba2 Bg6 28.
Qf3 Rd8 29. Bb1 Qxa5 30. g4 Rxd1+ 31. Qxd1 Qd8 32. Qe2 Nc6 33. Kg2 Bg5 34. Bg3
Qd2 35. Qxd2 Bxd2 36. f4 f6 37. exf6 Bxc3 38. bxc3 gxf6 39. Kf3 Kg7 40. Bf2 Bf7
41. Bc5 Be8 42. Ke3 Bd7 43. Bc2 a5 44. Bd1 Bc8 45. Be2 Ba6 46. Kd2 b4 47. Bf3
e5 48. f5 b3 49. Kc1 a4 50. Kb2 Nd8 51. Ka3 Nb7 52. Be3 Nd6 53. Bc5 Nb5+ 54.
Kb2 a3+ 55. Bxa3 Nxa3 56. Kxa3 Bb5 57. h4 Be8 58. h5 Kf8 59. Be2 Bf7 60. Kb2
Ke7 61. Bf3 Kd6 62. Bg2 Kc5 63. Bf3 Kb5 1/2-1/2

[Event "World Junior Chess Championship U18 g"]
[Site "Gaziantep"]
[Date "2008.08.11"]
[Round "9.26"]
[White "Hegarty, Sarah"]
[Black "Berke, Ana"]
[Result "1-0"]
[WhiteElo "1966"]
[BlackElo "2100"]
[PlyCount "131"]
[EventDate "2008.08.??"]
[EventType "swiss"]
[EventRounds "13"]
[EventCountry "TUR"]

1. e4 c5 2. Nc3 Nc6 3. Bb5 g6 4. Bxc6 dxc6 5. d3 Bg7 6. Be3 b6 7. f4 Nf6 8. h3
Nd7 9. Nf3 Nf8 10. e5 Ne6 11. Ne4 Nd4 12. O-O O-O 13. Qd2 f6 14. exf6 exf6 15.
c3 Nxf3+ 16. Rxf3 f5 17. Ng3 Re8 18. Bf2 Ba6 19. Rd1 Qd5 20. c4 Qd6 21. b3 b5
22. Qa5 Bb7 23. Kh1 h5 24. h4 Bd4 25. Bxd4 cxd4 26. Rff1 Qf6 27. Kg1 Qxh4 28.
Qc7 Qxg3 29. Qxb7 bxc4 30. dxc4 Qe3+ 31. Kh2 h4 32. Qxc6 Qg3+ 33. Kh1 Kh7 34.
Rxd4 Kh6 35. Qf3 Re1 36. Rxe1 Qxe1+ 37. Kh2 Re8 38. Rd1 Qe7 39. Qf2 g5 40.
fxg5+ Kxg5 41. Qd2+ Kg4 42. Qd4+ Qe4 43. Qg7+ Kh5 44. Rf1 f4 45. Qxa7 h3 46.
Qf2 Kg4 47. gxh3+ Kf5 48. Rd1 Re5 49. Rd8 Qe2 50. Rf8+ Kg5 51. Rxf4 Re4 52. Rf8
Re3 53. Qxe2 Rxe2+ 54. Kg3 Rxa2 55. Rf2 Ra3 56. Rb2 Kf5 57. h4 Ke5 58. h5 Kd4
59. Kg4 Kc3 60. Rh2 Ra1 61. Rh3+ Kb4 62. h6 Rg1+ 63. Kf5 Rf1+ 64. Ke5 Re1+ 65.
Kd6 Rd1+ 66. Kc6 1-0

[Event "World Junior Chess Championship U18 g"]
[Site "Gaziantep"]
[Date "2008.08.11"]
[Round "9.27"]
[White "Wiid, Daleen"]
[Black "Boyarchenko, Marie"]
[Result "1-0"]
[WhiteElo "1931"]
[BlackElo "1895"]
[PlyCount "101"]
[EventDate "2008.08.??"]
[EventType "swiss"]
[EventRounds "13"]
[EventCountry "TUR"]

1. e4 c5 2. c3 d5 3. exd5 Qxd5 4. d4 cxd4 5. cxd4 Nc6 6. Nf3 e5 7. dxe5 Qxd1+
8. Kxd1 Bg4 9. Be2 O-O-O+ 10. Bd2 Bb4 11. a3 Ba5 12. b4 Bc7 13. Nc3 Nxe5 14.
Nxe5 Bxe2+ 15. Kxe2 Bxe5 16. f4 Bd4 17. Rhd1 Nf6 18. Rac1 Kb8 19. h3 h5 20. Kf3
a6 21. Be3 Bxc3 22. Rxd8+ Rxd8 23. Rxc3 Rd1 24. Ke2 Ra1 25. Rd3 Kc7 26. Bd4
Ra2+ 27. Kf3 Kc6 28. Bxf6 gxf6 29. g4 hxg4+ 30. hxg4 Ra1 31. Ke4 Re1+ 32. Kf5
Re6 33. Rd8 Re7 34. Kxf6 Re4 35. Kf5 Re7 36. a4 a5 37. bxa5 Kc5 38. Ra8 Rd7 39.
a6 Rd5+ 40. Kf6 Kb6 41. axb7 Kxb7 42. Rf8 Rd6+ 43. Kxf7 Rd4 44. Kg6 Rxa4 45. g5
Kc7 46. f5 Kd7 47. Kg7 Rg4 48. g6 Ke7 49. f6+ Ke6 50. Rb8 Ra4 51. f7 1-0

[Event "World Junior Chess Championship U18 g"]
[Site "Gaziantep"]
[Date "2008.08.11"]
[Round "9.29"]
[White "Misovic, Sanja"]
[Black "Antonova, Nadezhda"]
[Result "1-0"]
[WhiteElo "1914"]
[BlackElo "1883"]
[PlyCount "93"]
[EventDate "2008.08.??"]
[EventType "swiss"]
[EventRounds "13"]
[EventCountry "TUR"]

1. d4 Nf6 2. c4 e6 3. Nf3 b6 4. g3 Ba6 5. b3 d5 6. cxd5 exd5 7. Bg2 Bd6 8. O-O
O-O 9. Nc3 Re8 10. Re1 Bb4 11. Bd2 Nbd7 12. Rc1 Rc8 13. Nh4 Bxc3 14. Bxc3 Ne4
15. Bb2 Re6 16. f3 Nd6 17. Bh3 Rh6 18. Rc2 Rxh4 19. gxh4 f5 20. Bg2 Qxh4 21. e3
Qg5 22. Qd2 Nf6 23. Rec1 Nde8 24. Kh1 Nh5 25. Qf2 Rd8 26. e4 fxe4 27. fxe4 Bd3
28. Rc6 dxe4 29. Rg1 Qd5 30. Rc3 Ba6 31. Qe3 Nhf6 32. Re1 Bb7 33. Rc2 Qh5 34.
Qe2 Qh4 35. Qc4+ Bd5 36. Qf1 Ng4 37. h3 Ngf6 38. Ba3 Be6 39. Rxe4 Qg5 40. Rxe6
h6 41. Bc6 Rxd4 42. Rg2 Qh5 43. Qf3 Qh4 44. Bxe8 Rf4 45. Bf7+ Kxf7 46. Re7+ Kg8
47. Qa8+ 1-0

[Event "World Junior Chess Championship U18 g"]
[Site "Gaziantep"]
[Date "2008.08.11"]
[Round "9.30"]
[White "Albano, Jeremias Bianca"]
[Black "Kaya, Sena Nur"]
[Result "1/2-1/2"]
[WhiteElo "1990"]
[BlackElo "1529"]
[PlyCount "66"]
[EventDate "2008.08.??"]
[EventType "swiss"]
[EventRounds "13"]
[EventCountry "TUR"]

1. e4 c5 2. Nf3 e6 3. b3 d6 4. Bb2 Nc6 5. d4 cxd4 6. Nxd4 Bd7 7. c4 a6 8. Nc3
Nf6 9. Be2 Be7 10. O-O O-O 11. Kh1 Qc7 12. Nc2 Ne8 13. f4 g6 14. Qe1 Ng7 15.
Ne3 Nd4 16. Ncd5 exd5 17. Nxd5 Qd8 18. Bxd4 Bc6 19. f5 Bxd5 20. cxd5 gxf5 21.
Bxg7 Kxg7 22. Rxf5 Bf6 23. Qg3+ Kh8 24. Raf1 Be5 25. Qh3 f6 26. Rh5 Qe7 27.
Rff5 Rac8 28. g3 Rc1+ 29. Kg2 Rf7 30. Bd3 Rd1 31. g4 Bd4 32. Qf3 Rd2+ 33. Kh3
Be5 1/2-1/2

[Event "World Junior Chess Championship U18 g"]
[Site "Gaziantep"]
[Date "2008.08.11"]
[Round "9.31"]
[White "Karayaylali, Pinar"]
[Black "Anton, Sarah"]
[Result "1/2-1/2"]
[WhiteElo "1597"]
[BlackElo "1681"]
[PlyCount "135"]
[EventDate "2008.08.??"]
[EventType "swiss"]
[EventRounds "13"]
[EventCountry "TUR"]

1. e4 c5 2. Nf3 d6 3. d4 cxd4 4. Nxd4 Nf6 5. Nc3 a6 6. Be2 e5 7. Nb3 Be6 8. Be3
Be7 9. a4 Nc6 10. O-O O-O 11. Kh1 Rc8 12. f4 exf4 13. Bxf4 d5 14. exd5 Nxd5 15.
Nxd5 Bxd5 16. Bf3 Be6 17. Qxd8 Rfxd8 18. Rfd1 Rxd1+ 19. Rxd1 b6 20. Bxc6 Rxc6
21. Nd4 Rc4 22. b3 Bg4 23. Rd3 Rc8 24. c3 Bf6 25. h3 Bh5 26. Re3 h6 27. Kg1
Rxc3 28. Rxc3 Bxd4+ 29. Re3 g5 30. Kf1 Bxe3 31. Bxe3 Bd1 32. b4 Bxa4 33. Bxb6
f5 34. Kf2 Kf7 35. g3 Kg6 36. Be3 Bd7 37. h4 h5 38. Bxg5 Kf7 39. Ke3 Ke6 40.
Kd4 Kd6 41. Bf4+ Ke6 42. Kc5 Bb5 43. Kd4 Be2 44. Kc5 Bf1 45. Kd4 Kd7 46. Ke5
Bh3 47. Kd5 Bg2+ 48. Ke5 Bh3 49. Kd5 Kc8 50. Kc6 Bg2+ 51. Kb6 Bf1 52. Kc6 Kd8
53. Bg5+ Ke8 54. Kd6 Kf7 55. Ke5 Bd3 56. Kd4 Bc2 57. Ke5 Ke8 58. Ke6 Kf8 59.
Kf6 Kg8 60. Kg6 f4+ 61. Kxh5 fxg3 62. Be3 g2 63. Kg4 Be4 64. Kg3 Kh7 65. Kh2
Kg6 66. Kg1 Kh5 67. Bg5 Kg4 68. Bd8 1/2-1/2

[Event "World Junior Chess Championship U18 g"]
[Site "Gaziantep"]
[Date "2008.08.11"]
[Round "9.32"]
[White "Garcia, Liria Caetano"]
[Black "Bukovec, Tina"]
[Result "0-1"]
[WhiteElo "1792"]
[BlackElo "1929"]
[PlyCount "50"]
[EventDate "2008.08.??"]
[EventType "swiss"]
[EventRounds "13"]
[EventCountry "TUR"]

1. d4 Nf6 2. c4 c5 3. d5 e6 4. Nc3 exd5 5. cxd5 d6 6. e4 g6 7. f4 Bg7 8. e5
dxe5 9. fxe5 Nfd7 10. e6 fxe6 11. dxe6 Bxc3+ 12. bxc3 Qh4+ 13. g3 Qe4+ 14. Kf2
O-O+ 15. Bf4 Nf6 16. Qe2 Bxe6 17. Bg2 Qxe2+ 18. Nxe2 Nc6 19. Rhd1 g5 20. Bc1
Bc4 21. Ke1 Rae8 22. Rd2 Ng4 23. Bd5+ Bxd5 24. Rxd5 Nxh2 25. Rxg5+ Kh8 0-1

[Event "World Junior Chess Championship U18 g"]
[Site "Gaziantep"]
[Date "2008.08.12"]
[Round "10.1"]
[White "Mikadze, Miranda"]
[Black "Harika, Dronavalli"]
[Result "1/2-1/2"]
[WhiteElo "2258"]
[BlackElo "2461"]
[PlyCount "22"]
[EventDate "2008.08.??"]
[EventType "swiss"]
[EventRounds "13"]
[EventCountry "TUR"]

1. d4 Nf6 2. Nc3 d5 3. Bg5 Nbd7 4. e3 c6 5. Nf3 g6 6. Bd3 Bg7 7. O-O O-O 8. h3
Re8 9. e4 dxe4 10. Nxe4 Qb6 11. Nxf6+ exf6 1/2-1/2

[Event "World Junior Chess Championship U18 g"]
[Site "Gaziantep"]
[Date "2008.08.12"]
[Round "10.2"]
[White "Muzychuk, Mariya"]
[Black "Soumya, Swaminathan"]
[Result "1-0"]
[WhiteElo "2413"]
[BlackElo "2293"]
[PlyCount "79"]
[EventDate "2008.08.??"]
[EventType "swiss"]
[EventRounds "13"]
[EventCountry "TUR"]

1. e4 c5 2. Nf3 d6 3. d4 cxd4 4. Nxd4 Nf6 5. Nc3 a6 6. Be3 e6 7. g4 h6 8. Bg2
Nc6 9. h3 Ne5 10. Qe2 g5 11. O-O-O Bd7 12. f4 gxf4 13. Bxf4 Rc8 14. Nf3 Nc4 15.
Nd2 Ne5 16. Rhf1 b5 17. a3 Be7 18. Kb1 Qb6 19. Be3 Qb8 20. Bd4 a5 21. Qe3 b4
22. Na2 Ba4 23. b3 bxa3 24. Nc3 Bc6 25. Ka2 Nfd7 26. Nf3 Rc7 27. Qf2 Rh7 28.
Rfe1 Rb7 29. Bf1 Rb4 30. Nxe5 dxe5 31. Be3 Rb7 32. Bc4 Bb4 33. Rd3 Rc7 34. Red1
Bxc3 35. Rxc3 Bxe4 36. Qd2 Qb4 37. Bf2 Bf3 38. Rxf3 Qb7 39. Rd3 e4 40. Rd6 1-0

[Event "World Junior Chess Championship U18 g"]
[Site "Gaziantep"]
[Date "2008.08.12"]
[Round "10.3"]
[White "Nakhbayeva, Guliskhan"]
[Black "Abrahamyan, Tatev"]
[Result "1-0"]
[WhiteElo "2170"]
[BlackElo "2277"]
[PlyCount "85"]
[EventDate "2008.08.??"]
[EventType "swiss"]
[EventRounds "13"]
[EventCountry "TUR"]

1. d4 Nf6 2. c4 g6 3. Nc3 Bg7 4. g3 O-O 5. Bg2 d6 6. Nf3 Nc6 7. O-O a6 8. d5
Na5 9. Nd2 c5 10. Qc2 Rb8 11. b3 b5 12. Rb1 e5 13. e4 Bd7 14. Ne2 h5 15. Bb2 h4
16. Qd3 hxg3 17. fxg3 Nh5 18. Bc3 f5 19. exf5 gxf5 20. g4 b4 21. Bb2 fxg4 22.
Qg6 Nf6 23. Ne4 Qe7 24. N2g3 Be8 25. Qg5 Bd7 26. Nh5 Nxd5 27. cxd5 Qxg5 28.
Nxg5 c4 29. Nxg7 Kxg7 30. bxc4 Nxc4 31. Ne4 Bf5 32. Bc1 a5 33. Bg5 Kg6 34. Rbc1
Rbc8 35. Be7 Rf7 36. Nxd6 Nxd6 37. Bxd6 Rxc1 38. Rxc1 e4 39. Bc5 Rb7 40. Rc4
Rb5 41. Kf2 a4 42. Bxb4 Rxd5 43. Bxe4 1-0

[Event "World Junior Chess Championship U18 g"]
[Site "Gaziantep"]
[Date "2008.08.12"]
[Round "10.4"]
[White "Nikolova, Adriana"]
[Black "Ozturk, Kubra"]
[Result "0-1"]
[WhiteElo "2242"]
[BlackElo "2188"]
[PlyCount "134"]
[EventDate "2008.08.??"]
[EventType "swiss"]
[EventRounds "13"]
[EventCountry "TUR"]

1. e4 e5 2. Nf3 Nc6 3. Bb5 a6 4. Bxc6 dxc6 5. O-O Qf6 6. d4 exd4 7. Bg5 Qd6 8.
Nxd4 Bd7 9. Bh4 Qh6 10. Nf3 Bd6 11. Qd4 Ne7 12. Rd1 O-O 13. Bg3 Bxg3 14. hxg3
Bg4 15. Qe5 Rae8 16. Re1 f5 17. Nbd2 Nd5 18. Qd4 fxe4 19. Rxe4 Rxe4 20. Qxe4
Bf5 21. Qc4 Qf6 22. Qb3 Bc8 23. Re1 h6 24. Ne4 Qf7 25. Ned2 Nb6 26. Re7 Qxb3
27. axb3 Nd5 28. Re5 Rf5 29. Re2 c5 30. Nc4 Rf8 31. Re5 Rd8 32. Na5 Nb4 33. Re7
b6 34. Nc4 Nd5 35. Re5 a5 36. c3 Nf6 37. Ne3 Kf7 38. Kf1 Be6 39. c4 Bc8 40. Ke2
Bb7 41. Ne1 g6 42. Nd5 Nxd5 43. cxd5 Bxd5 44. Nd3 Bxb3 45. Nf4 g5 46. Rf5+ Kg7
47. Nh3 Bc4+ 48. Ke1 Be6 49. Re5 Kf6 50. Re3 Bxh3 51. gxh3 a4 52. Rf3+ Kg6 53.
Re3 Rd4 54. g4 Rb4 55. Re2 Kf6 56. Kd1 b5 57. Kc1 Rc4+ 58. Kb1 b4 59. Re8 b3
60. Rc8 Re4 61. Kc1 Re1+ 62. Kd2 Rb1 63. Kc3 Rc1+ 64. Kd3 a3 65. Rxc7 axb2 66.
Rc6+ Ke7 67. Rc7+ Kd6 0-1

[Event "World Junior Chess Championship U18 g"]
[Site "Gaziantep"]
[Date "2008.08.12"]
[Round "10.5"]
[White "Nemcova, Katerina"]
[Black "Guo, Qi"]
[Result "1-0"]
[WhiteElo "2372"]
[BlackElo "2048"]
[PlyCount "144"]
[EventDate "2008.08.??"]
[EventType "swiss"]
[EventRounds "13"]
[EventCountry "TUR"]

1. e4 e6 2. d4 d5 3. Nc3 Nf6 4. Bg5 Bb4 5. e5 h6 6. Be3 Ne4 7. Qg4 g6 8. a3
Bxc3+ 9. bxc3 h5 10. Qf4 c5 11. Bd3 g5 12. Qf3 Nxc3 13. dxc5 d4 14. Bd2 Nc6 15.
Qg3 Qd5 16. Qxg5 Qxe5+ 17. Ne2 Nxe2 18. Bxe2 Qxg5 19. Bxg5 e5 20. Rb1 f5 21.
Bc4 Rh7 22. O-O h4 23. Rfe1 h3 24. Bf6 e4 25. g3 Rh6 26. Bg5 Rh7 27. f3 Ne5 28.
Be2 Be6 29. fxe4 fxe4 30. Bf4 Nc6 31. Bb5 Bd5 32. Rbd1 O-O-O 33. Bxc6 Bxc6 34.
Bd6 Rf7 35. Rxd4 Rf3 36. a4 Re8 37. Rf1 Re6 38. Bf4 Rc3 39. Rfd1 Re8 40. Bg5
Rxc5 41. Be3 Rxc2 42. R4d2 Rxd2 43. Rxd2 Bxa4 44. Bxa7 Bb5 45. Kf2 Bd3 46. Ke3
b5 47. Rf2 Kb7 48. Bd4 Kc6 49. Rf6+ Kd5 50. g4 Ra8 51. Rf5+ Kc4 52. Rc5+ Kb3
53. Rh5 b4 54. Rxh3 Ka2 55. Rg3 b3 56. Rg2+ Bc2 57. g5 Rf8 58. Rf2 Rc8 59. g6
b2 60. Bxb2 Kxb2 61. g7 Rg8 62. Rg2 Kc3 63. h4 Bb3 64. h5 Re8 65. h6 Bg8 66.
Rf2 Bh7 67. Rf8 Re6 68. Rh8 Rxh6 69. Rxh7 Rg6 70. Kxe4 Rg1 71. Kf5 Kd4 72. Rh4+
Kd5 1-0

[Event "World Junior Chess Championship U18 g"]
[Site "Gaziantep"]
[Date "2008.08.12"]
[Round "10.6"]
[White "Borosova, Zuzana"]
[Black "Foisor, Sabina-Francesca"]
[Result "1/2-1/2"]
[WhiteElo "2254"]
[BlackElo "2337"]
[PlyCount "135"]
[EventDate "2008.08.??"]
[EventType "swiss"]
[EventRounds "13"]
[EventCountry "TUR"]

1. e4 g6 2. d4 c6 3. Nc3 d5 4. e5 Bg7 5. f4 Nh6 6. Nf3 f6 7. Be3 Bg4 8. Qd2
Bxf3 9. gxf3 Nf5 10. Bd3 e6 11. O-O-O Nd7 12. Bxf5 gxf5 13. Qg2 Qe7 14. Rhg1
Bf8 15. Qh3 O-O-O 16. Rg3 Qf7 17. Ne2 h5 18. Rdg1 Bh6 19. Bd2 Kb8 20. Qg2 Rc8
21. c3 c5 22. exf6 Nxf6 23. dxc5 Bf8 24. Be3 h4 25. Rg5 Nd7 26. Qf2 Nxc5 27.
Bxc5 Bxc5 28. Nd4 Qc7 29. Qd2 Rhe8 30. Rg7 Qb6 31. Kb1 Be7 32. R7g6 Bc5 33. Re1
Bxd4 34. Qxd4 Qxd4 35. cxd4 Rc6 36. Rg7 Rc7 37. Rg6 Rc4 38. Rd1 Kc7 39. Rh6 Rc6
40. Rxh4 Rg8 41. Rh7+ Kb6 42. h4 Rg2 43. Rc1 Rf2 44. h5 Rxf3 45. h6 Rxc1+ 46.
Kxc1 Rxf4 47. Re7 Rxd4 48. Rxe6+ Kc5 49. Re7 Rh4 50. h7 b5 51. Rxa7 Kc4 52. Kd2
f4 53. Ke2 Rh3 54. Rf7 d4 55. Rxf4 Rxh7 56. Rf2 b4 57. Kd2 Rh1 58. b3+ Kd5 59.
Rg2 Rh3 60. Rg5+ Ke4 61. Rg4+ Ke5 62. Rg5+ Kf4 63. Rg8 Ke4 64. Re8+ Kd5 65.
Rd8+ Kc5 66. Rc8+ Kd5 67. Rd8+ Kc5 68. Rc8+ 1/2-1/2

[Event "World Junior Chess Championship U18 g"]
[Site "Gaziantep"]
[Date "2008.08.12"]
[Round "10.7"]
[White "Preethi, Rajkumar"]
[Black "Severiukhina, Zoja"]
[Result "0-1"]
[WhiteElo "2183"]
[BlackElo "2300"]
[PlyCount "66"]
[EventDate "2008.08.??"]
[EventType "swiss"]
[EventRounds "13"]
[EventCountry "TUR"]

1. e4 e6 2. d4 d5 3. Nc3 Nf6 4. Bg5 Be7 5. Bxf6 Bxf6 6. Nf3 Nc6 7. e5 Be7 8. a3
O-O 9. Bd3 f6 10. exf6 Bxf6 11. O-O g6 12. Bb5 Ne7 13. Qd2 a6 14. Be2 Qd6 15.
Na4 b6 16. Rfd1 Bd7 17. Nc3 Bg7 18. Na2 Rf5 19. c4 Raf8 20. Qe3 dxc4 21. Nc3
Nd5 22. Qd2 Nf4 23. Bf1 Bc6 24. Ne5 Bxe5 25. dxe5 Qxe5 26. Bxc4 Nh3+ 27. gxh3
Rg5+ 28. Kf1 Bg2+ 29. Kg1 Bxh3+ 30. Kh1 Bg2+ 31. Kg1 Bd5+ 32. Kf1 Bxc4+ 33. Ne2
Qxh2 0-1

[Event "World Junior Chess Championship U18 g"]
[Site "Gaziantep"]
[Date "2008.08.12"]
[Round "10.8"]
[White "Hoolt, Sarah"]
[Black "Kazimova, Narmin"]
[Result "0-1"]
[WhiteElo "2298"]
[BlackElo "2148"]
[PlyCount "92"]
[EventDate "2008.08.??"]
[EventType "swiss"]
[EventRounds "13"]
[EventCountry "TUR"]

1. e4 c5 2. Nf3 d6 3. d4 cxd4 4. Nxd4 Nf6 5. Nc3 a6 6. g3 e5 7. Nde2 Be7 8. Bg2
Be6 9. h3 O-O 10. Be3 Nc6 11. Nd5 Bxd5 12. exd5 Nb8 13. Qd2 Nbd7 14. g4 Nb6 15.
b3 Nfd7 16. Ng3 g6 17. Bh6 Re8 18. h4 e4 19. O-O-O Nc5 20. h5 Bf6 21. Rhe1 Nc4
22. Qb4 Nb2 23. Nxe4 Nxe4 24. Rxe4 Nxd1 25. Kxd1 Rxe4 26. Bxe4 Bg5 27. Bxg5
Qxg5 28. Qxb7 Qxg4+ 29. f3 Qg1+ 30. Ke2 Qa7 31. Qc6 f5 32. Bd3 Qe7+ 33. Kd2 Re8
34. Kc1 Qe1+ 35. Kb2 Qe5+ 36. Ka3 a5 37. f4 Qe7 38. Bb5 Rb8 39. Qd7 Qxd7 40.
Bxd7 Kf7 41. c4 Kf6 42. Ka4 gxh5 43. c5 dxc5 44. Kxa5 h4 45. Bc6 h3 46. d6 Ke6
0-1

[Event "World Junior Chess Championship U18 g"]
[Site "Gaziantep"]
[Date "2008.08.12"]
[Round "10.9"]
[White "Mamedjarova, Turkan"]
[Black "Nadig, Kruttika"]
[Result "1-0"]
[WhiteElo "2284"]
[BlackElo "2241"]
[PlyCount "121"]
[EventDate "2008.08.??"]
[EventType "swiss"]
[EventRounds "13"]
[EventCountry "TUR"]

1. d4 Nf6 2. Nf3 g6 3. c4 Bg7 4. Nc3 d5 5. e3 O-O 6. Be2 c5 7. O-O cxd4 8. Nxd4
Nc6 9. Nxc6 bxc6 10. a4 Rb8 11. a5 Be6 12. Qa4 Qd6 13. cxd5 cxd5 14. a6 Rb4 15.
Qd1 Nd7 16. Ra5 Nc5 17. Na2 Rb6 18. b4 Nxa6 19. b5 Nc7 20. Qa4 d4 21. Ba3 Qe5
22. Bb2 Qf5 23. Bxd4 Bxd4 24. Qxd4 Qc2 25. Bd3 Qb3 26. Nc1 Qd5 27. Qxd5 Bxd5
28. Rxa7 Bb7 29. Ra5 Rd8 30. Bc4 Rd2 31. Nd3 Bd5 32. Ne5 Rb2 33. Bxd5 Nxd5 34.
Ra8+ Kg7 35. Nc4 R6xb5 36. Nxb2 Rxb2 37. Rc8 h5 38. g3 Nf6 39. Rfc1 Ng4 40.
R1c2 Rb4 41. R8c7 e6 42. h3 Nf6 43. Kg2 Nd5 44. R7c4 Rb5 45. Ra2 Ne7 46. Ra7
Nf5 47. Rcc7 Nd6 48. Rc6 Rd5 49. Rd7 Ne4 50. Rxd5 exd5 51. f3 Nf6 52. h4 Ng8
53. Rd6 Ne7 54. g4 f6 55. Kg3 Kf7 56. Kf4 Kg7 57. g5 fxg5+ 58. Kxg5 Kf7 59. e4
dxe4 60. fxe4 Kg7 61. Rd7 1-0

[Event "World Junior Chess Championship U18 g"]
[Site "Gaziantep"]
[Date "2008.08.12"]
[Round "10.10"]
[White "Corke, Anya"]
[Black "Pertlova, Sona"]
[Result "1-0"]
[WhiteElo "2255"]
[BlackElo "2217"]
[PlyCount "85"]
[EventDate "2008.08.??"]
[EventType "swiss"]
[EventRounds "13"]
[EventCountry "TUR"]

1. d4 Nf6 2. Bg5 d5 3. Bxf6 exf6 4. e3 c6 5. g3 Bd6 6. Bg2 f5 7. Nd2 Nd7 8. Ne2
Nf6 9. O-O h5 10. h4 O-O 11. c4 dxc4 12. Nxc4 Bc7 13. Qc2 Be6 14. Ne5 Nd7 15.
Nd3 g6 16. Nef4 Bxf4 17. Nxf4 Qe7 18. b4 Nf6 19. Rfb1 a6 20. a4 Rfc8 21. Qd3
Qd7 22. Rb2 Bd5 23. f3 b5 24. Qd2 Bc4 25. Nd3 Qd6 26. Ne5 Bd5 27. Kh2 Nd7 28.
e4 Be6 29. Nxd7 Qxd7 30. Qc3 bxa4 31. Qc5 Bb3 32. Bh3 Rd8 33. d5 cxd5 34. exf5
Qb5 35. Qd4 Re8 36. fxg6 fxg6 37. Qf6 Re2+ 38. Kh1 Rxb2 39. Qxg6+ Kf8 40. Qf6+
Kg8 41. Be6+ Kh7 42. Qf7+ Kh8 43. Bf5 1-0

[Event "World Junior Chess Championship U18 g"]
[Site "Gaziantep"]
[Date "2008.08.12"]
[Round "10.11"]
[White "Gasik, Anna"]
[Black "Bodnaruk, Anastasia"]
[Result "0-1"]
[WhiteElo "2211"]
[BlackElo "2394"]
[PlyCount "66"]
[EventDate "2008.08.??"]
[EventType "swiss"]
[EventRounds "13"]
[EventCountry "TUR"]

1. e4 c5 2. Nc3 Nc6 3. Nge2 d6 4. d4 cxd4 5. Nxd4 e5 6. Nf3 h6 7. Be2 Nf6 8.
O-O Be7 9. Re1 O-O 10. h3 a6 11. a4 Be6 12. Bf1 Rc8 13. b3 Nb4 14. Bb2 Rc6 15.
Nd2 Qc7 16. Nc4 Rd8 17. Qb1 b6 18. Re3 a5 19. Re1 Qb7 20. Rd1 Rcc8 21. Re1 Ne8
22. Ne3 Bg5 23. g3 g6 24. Bg2 Qd7 25. Ned5 Bxd5 26. exd5 Bd2 27. Re3 Bxe3 28.
fxe3 Rc5 29. Qd1 Rdc8 30. Qd2 Qc7 31. Nb5 Rxc2 32. Qe1 Rxg2+ 33. Kxg2 Qc2+ 0-1

[Event "World Junior Chess Championship U18 g"]
[Site "Gaziantep"]
[Date "2008.08.12"]
[Round "10.12"]
[White "Majdan, Joanna"]
[Black "Alavi, Hour Homa"]
[Result "0-1"]
[WhiteElo "2323"]
[BlackElo "1723"]
[PlyCount "102"]
[EventDate "2008.08.??"]
[EventType "swiss"]
[EventRounds "13"]
[EventCountry "TUR"]

1. Nf3 d5 2. c4 e6 3. e3 Nf6 4. b3 Bd6 5. Nc3 c6 6. Bb2 a6 7. Qc2 e5 8. c5 Bc7
9. d4 e4 10. Nd2 Ng4 11. Be2 Qh4 12. Bxg4 Qxg4 13. g3 Be6 14. b4 Nd7 15. a4 Nf6
16. Qd1 Qh3 17. Qe2 Bg4 18. Qf1 Qxf1+ 19. Kxf1 Bh3+ 20. Ke2 Bg4+ 21. Ke1 Bh3
22. Nb3 Kd7 23. Rb1 Ng4 24. Ne2 g5 25. Kd2 Nxf2 26. Rhf1 Bxf1 27. Rxf1 Nd3 28.
Rxf7+ Ke6 29. Rxc7 Nxb2 30. Na5 Nc4+ 31. Nxc4 dxc4 32. Nc3 Rab8 33. Nxe4 h6 34.
Kc3 Rhc8 35. Rxc8 Rxc8 36. Kxc4 Rf8 37. Nd6 b5+ 38. axb5 axb5+ 39. Kd3 Rf2 40.
h3 Rh2 41. g4 Rxh3 42. Nf5 h5 43. Ng7+ Kf7 44. Nxh5 Rh4 45. Ke4 Rxg4+ 46. Kf5
Rg1 47. e4 Rb1 48. e5 Rxb4 49. e6+ Ke7 50. Ke5 Rb1 51. d5 Re1+ 0-1

[Event "World Junior Chess Championship U18 g"]
[Site "Gaziantep"]
[Date "2008.08.12"]
[Round "10.13"]
[White "Ivakhinova, Inna"]
[Black "Gomes, Mary Ann"]
[Result "0-1"]
[WhiteElo "2248"]
[BlackElo "2316"]
[PlyCount "72"]
[EventDate "2008.08.??"]
[EventType "swiss"]
[EventRounds "13"]
[EventCountry "TUR"]

1. d4 f5 2. g3 Nf6 3. Bg2 g6 4. Nf3 Bg7 5. b3 O-O 6. Bb2 d6 7. c4 c6 8. O-O Qe8
9. Qc2 Nbd7 10. Nc3 e5 11. dxe5 dxe5 12. e4 f4 13. Ba3 c5 14. Rad1 b6 15. Rd6
h6 16. Nh4 Bb7 17. Rfd1 Nb8 18. Nb5 Nc6 19. Nc7 Qf7 20. Nxa8 Bxa8 21. gxf4 Nd4
22. R1xd4 exd4 23. Bc1 g5 24. fxg5 hxg5 25. Nf5 Nxe4 26. Bxe4 Bxe4 27. Qxe4
Qxf5 28. Qxf5 Rxf5 29. Rd7 a5 30. Rd6 Kf7 31. Rxb6 d3 32. Rd6 Bd4 33. Be3 Ke7
34. Rd5 Rxd5 35. cxd5 Bxe3 36. fxe3 d2 0-1

[Event "World Junior Chess Championship U18 g"]
[Site "Gaziantep"]
[Date "2008.08.12"]
[Round "10.14"]
[White "Paikidze, Nazi"]
[Black "Muminova, Nafisa"]
[Result "1-0"]
[WhiteElo "2277"]
[BlackElo "2242"]
[PlyCount "81"]
[EventDate "2008.08.??"]
[EventType "swiss"]
[EventRounds "13"]
[EventCountry "TUR"]

1. d4 Nf6 2. c4 e6 3. Nc3 c5 4. d5 exd5 5. cxd5 d6 6. e4 g6 7. h3 Bg7 8. Nf3
O-O 9. Bd3 Qc7 10. O-O Re8 11. Re1 a6 12. a4 Nbd7 13. Bg5 c4 14. Bc2 b6 15. Qd2
Bb7 16. Bh6 Bh8 17. Be3 Nc5 18. Bd4 Rad8 19. Nh4 Bg7 20. f4 b5 21. axb5 axb5
22. Nxb5 Qb6 23. Nc3 Qb4 24. Qf2 Ra8 25. Rad1 Ba6 26. Bxc5 dxc5 27. e5 Nd7 28.
Ba4 Red8 29. Bxd7 Rxd7 30. f5 Rb7 31. f6 Bh8 32. Re2 Rd8 33. Qg3 Kf8 34. Qg5
Ke8 35. e6 Qb6 36. Nf5 Bxf6 37. Qxf6 gxf5 38. exf7+ Kf8 39. Re6 Qc7 40. Qh8+
Kxf7 41. Rf6+ 1-0

[Event "World Junior Chess Championship U18 g"]
[Site "Gaziantep"]
[Date "2008.08.12"]
[Round "10.15"]
[White "Eric, Jovena"]
[Black "Dauletova, Gulmira"]
[Result "0-1"]
[WhiteElo "2111"]
[BlackElo "2267"]
[PlyCount "64"]
[EventDate "2008.08.??"]
[EventType "swiss"]
[EventRounds "13"]
[EventCountry "TUR"]

1. e4 c5 2. Nf3 d6 3. d4 cxd4 4. Nxd4 Nf6 5. Nc3 g6 6. Be2 Bg7 7. Nb3 Nc6 8.
O-O O-O 9. Bg5 a6 10. f4 b5 11. Bf3 Bb7 12. Nd5 Nd7 13. c3 f6 14. Bh4 e6 15.
Ne3 g5 16. Bg3 gxf4 17. Bxf4 Nde5 18. Nd4 Qe7 19. Qb3 Nxd4 20. cxd4 Nxf3+ 21.
gxf3 Kh8 22. d5 f5 23. exf5 Bd4 24. Kh1 Bxe3 25. Qxe3 Rxf5 26. dxe6 Qf6 27. Qb6
Bd5 28. Qxd6 Rd8 29. e7 Qxd6 30. Bxd6 Rg8 31. Rae1 Rxf3 32. Be5+ Rf6+ 0-1